| 000 | 00559nmm a2200169Ia 4500 | ||
|---|---|---|---|
| 008 | 251105s9999||||xx |||||||||||||||||und|| | ||
| 020 | _a9788484890850 | ||
| 041 | _aspa | ||
| 100 | _aBrugal, Yana Elsa | ||
| 245 | 0 |
_aRito y representación : _b Los sistemas mágico-religiosos en la cultura cubana |
|
| 264 |
_a[Madrid, España] : _bIberoamericana Vervuert, _c2003 |
||
| 300 | _a282 páginas | ||
| 490 | _aNexos y diferencias | ||
| 650 | _aHistory of the Americas: Latin America | ||
| 856 | _uhttps://public.digitaliapublishing.com/a/17719 | ||
| 942 | _cCF | ||
| 999 |
_c86503 _d86503 |
||